Normal view
MARC view
Entry Personal Name
001 - CONTROL NUMBER
- control field: 53498
003 - CONTROL NUMBER IDENTIFIER
- control field: dpl
005 - DATE AND TIME OF LATEST TRANSACTION
- control field: 20121101121856.0
008 - FIXED-LENGTH DATA ELEMENTS
- fixed length control field: 121101|||a|||||| | ||| d
040 ## - CATALOGING SOURCE
- Original cataloging agency: dpl
- Transcribing agency: dpl
100 ## - HEADING--PERSONAL NAME
- Personal name: Britton, Carol
670 ## - SOURCE DATA FOUND
- Source citation: Work cat.: (dpl)0: Britton, Carol, Object-oriented systems development :, 2012
670 ## - SOURCE DATA FOUND
- Source citation: Work cat.: (dpl)0: Britton, Carol, Object-oriented systems development :, 2012
